01413cam a22003011a 4500001001300000003000400013005001700017008004100034010001700075035001800092040003100110043001200141050002600153051002500179086001900204111006800223245016500291260016600456300002900622490002800651500001600679501022100695504002900916650004200945710004100987830006601028999001701094hew65000121 DLC20260227111514.0720208s1965 dcua b f100 0 eng  ahew65000121  a(OCoLC)236679 aDLCcODaWUdPPiUdISSdDLC an-us---00aL111b.A6 1966, no. 3 aLA209.2b.W46 1965aa0 aFS 5.210:100342 aWhite House Conference on Educationd(1965 :cWashington, D.C.)10aContemporary issues in American education :bconsultants' papers prepared for use at The White House Conference on Education, July 20-21, 1965, Washington, D.C. aWashington, D.C.bU.S. Dept. of Health, Education, and Welfare, Office of Education ; for sale by the Superintendent of Documents, U.S. Govt. Print. Off.,c1965. a158 p. :bill. ;c23 cm.1 aBulletin ;v1966, no. 3 a"OE-10034." aL111.A6 with: Educational developments in the Congo (Leopoldville) / Betty George. Washington : U. S. Dept. of Health, Education, and Welfare, Office of Education, 1966. Bound together subsequent to publication.5DLC aIncludes bibliographies. 0aEducationzUnited StatesxCongresses.1 aUnited States.bOffice of Education. 0aBulletin (United States. Office of Education) ;v1966, no. 3. c34561d34561